[Event "AUTO-MASTER-2621"]
[Site "http://www.queenalice.com/game.php?id=1487654"]
[Date "2017.7.27"]
[Round "1"]
[White "Ninho"]
[Black "rmvwoods"]
[Result "1/2-1/2"]
[WhiteElo "2035"]
[BlackElo "2115"]

1. e4 c5 2. Nf3 d6 3. c3 Nf6 4. d3 g6 5. Be2 Bg7 6. O-O O-O 7. Na3 Nbd7 8. Nc2
b5 9. b3 Ng4 10. d4 b4 11. Bb2 Bb7 12. Bd3 e5 13. d5 a5 14. c4 a4 15. h3 Nh6 16.
Nh2 f5 17. bxa4 fxe4 18. Bxe4 Rxa4 19. Ne3 Qa5 20. Qb3 Ra8 21. Nhg4 Rxa2 22.
Rxa2 Qxa2 23. Qxa2 Rxa2 24. Rb1 Nb6 25. Bc2 Nxg4 26. hxg4 Bh6 27. Bb3 Ra8 28.
Ra1 Bxe3 29. Rxa8+ Bxa8 30. fxe3 Kg7 31. e4 Bb7 32. Kf2 Ba6 33. Bc1 Bxc4 34. Bc2
Kf6 35. g5+ Kg7 36. Kf3 b3 37. Bb1 Ba6 38. Bb2 c4 39. Ke3 Kf7 40. Kd2 Na4 41.
Bc3 h6 42. gxh6 g5 43. Bb4 c3+ 44. Bxc3 Nxc3 45. Kxc3 g4 46. g3 b2 47. Kxb2 Kg6
48. Kc3 Kxh6 49. Kb4 Kg7 50. Ka5 Be2 51. Kb6 Kf6 52. Kc7 1/2-1/2

[Event "AUTO-MASTER-2621"]
[Site "http://www.queenalice.com/game.php?id=1487655"]
[Date "2017.7.27"]
[Round "1"]
[White "rmvwoods"]
[Black "Ninho"]
[Result "1-0"]
[WhiteElo "2085"]
[BlackElo "2050"]

1. d4 Nf6 2. c4 e6 3. g3 c5 4. d5 exd5 5. cxd5 d6 6. Bg2 g6 7. Nf3 Bg7 8. Nc3
O-O 9. O-O Re8 10. Bg5 Nbd7 11. e4 a6 12. Re1 Ne5 13. Nxe5 Rxe5 14. f4 Re8 15.
e5 dxe5 16. fxe5 h6 17. Bxf6 Bxf6 18. exf6 Rxe1+ 19. Qxe1 Bf5 20. Qe7 Qb6 21.
Qe3 Qxb2 22. Rd1 c4 23. d6 g5 24. d7 Bxd7 25. Rxd7 Rf8 26. Rxb7 Qa3 27. Re7 Qd6
28. Nd5 a5 29. Re8 c3 30. Ne7+ 1-0

[Event "Ajedrez # 5"]
[Site "http://www.queenalice.com/game.php?id=1488359"]
[Date "2017.8.1"]
[Round "2"]
[White "Ninho"]
[Black "fabricioprado"]
[Result "1-0"]
[WhiteElo "2047"]
[BlackElo "1700"]

1. e4 e5 2. Nf3 Nc6 3. Bb5 d6 4. O-O Nf6 5. Nc3 Bd7 6. a3 Be7 7. d3 O-O 8. Bc4
a6 9. Be3 b5 10. Ba2 h6 11. Ne2 Nh7 12. h3 Bg5 13. Nxg5 Nxg5 14. c3 Ne6 15. d4
exd4 16. cxd4 Ne7 17. b4 c6 18. Ng3 Ng6 19. f4 Nc7 20. f5 Nh8 21. Nh5 Ne8 22.
Qg4 g5 23. h4 Nf6 24. Nxf6+ Qxf6 25. hxg5 hxg5 26. Bxg5 Qg7 27. Rad1 Rfe8 28.
Rf3 Kf8 29. Rh3 Kg8 30. Bf6 1-0

[Event "AUTO-MASTER-2649"]
[Site "http://www.queenalice.com/game.php?id=1498241"]
[Date "2017.10.10"]
[Round "1"]
[White "sia"]
[Black "Ninho"]
[Result "1-0"]
[WhiteElo "2083"]
[BlackElo "2053"]

1. e4 e5 2. d3 Nc6 3. Nf3 d6 4. Be2 Nf6 5. O-O Be7 6. Bg5 O-O 7. Nc3 Be6 8. a3
h6 9. Bxf6 Bxf6 10. h3 g6 11. Nd5 Bg7 12. c3 Ne7 13. c4 c6 14. Nxe7+ Qxe7 15.
Rb1 b6 16. b4 a6 17. a4 Kh7 18. b5 cxb5 19. axb5 a5 20. Qd2 f5 21. exf5 Bxf5 22.
Qe3 Qc7 23. Nh4 Bc8 24. Qe4 Bf5 25. Nxf5 gxf5 26. Qc6 Rac8 27. Qxc7 Rxc7 28. Bf3
Re8 29. Rfe1 Kg6 30. Re2 Ree7 31. Bd5 Bf6 32. Rbe1 Ra7 33. g4 f4 34. Re4 a4 35.
Ra1 Ra5 36. Re2 a3 37. Rea2 Rea7 38. Kf1 Kg7 39. Be4 Ra4 40. f3 Kf7 41. Ke2 Bh4
42. Rd1 Kf6 43. Bd5 Rb4 44. Kd2 Bf2 45. Kc3 Raa4 46. Rxf2 1-0

[Event "AUTO-MASTER-2649"]
[Site "http://www.queenalice.com/game.php?id=1498242"]
[Date "2017.10.10"]
[Round "1"]
[White "Ninho"]
[Black "sia"]
[Result "1-0"]
[WhiteElo "2015"]
[BlackElo "2042"]

1. d4 d5 2. Nf3 e6 3. e3 Bd6 4. Be2 Nf6 5. Nc3 O-O 6. O-O Nc6 7. a3 Ne4 8. Nxe4
dxe4 9. Nd2 f5 10. c4 Rf6 11. c5 Bxh2+ 12. Kxh2 Rh6+ 13. Kg1 Qh4 14. f3 Qg3 15.
Nxe4 fxe4 16. fxe4 Qh2+ 17. Kf2 Qh4+ 18. g3 Qh2+ 19. Ke1 Qxg3+ 20. Kd2 Qg5 21.
Kc2 e5 22. d5 Ne7 23. Bd2 b6 24. c6 Nxc6 25. dxc6 Rxc6+ 26. Kb1 Rd6 27. Bc4+ Be6
28. Bxe6+ Rxe6 29. Qb3 Qg6 30. Rf5 Rf8 31. Rxe5 Re8 32. Ka2 Kh8 33. Rxe6 Qxe6
34. Qxe6 Rxe6 35. Rf1 h6 36. Rf8+ Kh7 37. Rf7 Rxe4 38. Bc3 Rg4 39. Rxc7 a5 40.
Bd4 h5 41. Bxb6 a4 42. Bd4 h4 43. b4 Rg2+ 44. Bb2 h3 45. Rc1 h2 46. Rh1 g5 47.
b5 g4 48. b6 g3 49. b7 Rg1 50. b8=Q Rxh1 51. Qb7+ Kh6 52. Qxh1 Kh5 53. Be5 Kg4
54. Qg2 h1=Q 55. Qxh1 Kf5 56. Bxg3 Kg4 57. Bf4 Kf5 58. Qd1 1-0

[Event "AUTO-MASTER-2649"]
[Site "http://www.queenalice.com/game.php?id=1498257"]
[Date "2017.10.10"]
[Round "1"]
[White "Ninho"]
[Black "clovis"]
[Result "0-1"]
[WhiteElo "2080"]
[BlackElo "2141"]

1. d4 d5 2. Nf3 Bf5 3. Bf4 Nf6 4. Nc3 e6 5. a3 Bd6 6. Bd2 O-O 7. e3 c6 8. Be2
Nbd7 9. O-O e5 10. h3 e4 11. Ne1 Qe7 12. g4 Be6 13. f4 exf3 14. Bxf3 Ne4 15.
Nxe4 dxe4 16. Bxe4 Qh4 17. Qf3 g6 18. Ng2 Qg5 19. Rf2 f5 20. gxf5 Bxf5 21. Bxf5
Rxf5 22. Qe4 Rxf2 23. Kxf2 Qg3+ 24. Ke2 Rf8 25. Rf1 Nf6 26. Qe6+ Kg7 27. Rf2 Ne4
28. Rxf8 Qxg2+ 29. Kd3 Qxd2+ 30. Kxe4 Qxc2+ 31. Kf3 Bxf8 32. Qe5+ Kf7 33. Qc7+
Be7 34. Qxb7 Qf5+ 35. Kg3 h5 36. Qxc6 h4+ 37. Kg2 Qg5+ 38. Kf1 Qxe3 39. Qd5+ Kg7
40. Qd7 Qc1+ 41. Ke2 Qxb2+ 0-1

[Event "AUTO-MASTER-2649"]
[Site "http://www.queenalice.com/game.php?id=1498258"]
[Date "2017.10.10"]
[Round "1"]
[White "clovis"]
[Black "Ninho"]
[Result "1-0"]
[WhiteElo "2151"]
[BlackElo "2066"]

1. e4 e5 2. Bc4 Bc5 3. Nf3 d6 4. O-O Nf6 5. d4 exd4 6. Nxd4 O-O 7. Bg5 Bg4 8. f3
Bd7 9. Nc3 Nc6 10. Ne2 a6 11. c3 h6 12. Bh4 Ne5 13. Bb3 Ng6 14. Bf2 Ba7 15. Nf5
Bxf2+ 16. Kxf2 Nh7 17. Neg3 Nh4 18. Qd2 Nxf5 19. Nxf5 Bxf5 20. exf5 Qf6 21. Rae1
Qxf5 22. Re7 Rac8 23. Rfe1 Ng5 24. Qd4 Qc5 25. h4 Qxd4+ 26. cxd4 Nh7 27. Rd7 Nf6
28. Rde7 h5 29. Rc1 Ne8 30. Rce1 Nf6 31. Rc1 Ne8 32. g4 hxg4 33. fxg4 g6 34. g5
Rb8 35. h5 gxh5 36. g6 Kg7 37. gxf7 Nf6 38. Rcxc7 d5 39. Rxb7 Rxb7 40. Rxb7 Rxf7
41. Rxf7+ Kxf7 42. Kg3 Ke6 43. Kf4 h4 44. Bc2 h3 45. Bf5+ Kd6 46. Bxh3 Ne4 47.
Bg2 Nd2 48. b4 Nc4 49. Bf1 Kc6 50. Bxc4 dxc4 51. Ke4 1-0

[Event "AUTO-MASTER-2649"]
[Site "http://www.queenalice.com/game.php?id=1498259"]
[Date "2017.10.10"]
[Round "1"]
[White "Ninho"]
[Black "rafaelp"]
[Result "0-1"]
[WhiteElo "2023"]
[BlackElo "2150"]

1. d4 Nf6 2. c4 e6 3. Nf3 d5 4. c5 Nc6 5. Nc3 Be7 6. e3 O-O 7. Be2 b6 8. cxb6
axb6 9. O-O Bd6 10. a3 e5 11. Bb5 Nxd4 12. exd4 e4 13. Nd2 Bxh2+ 14. Kh1 Ng4 15.
g3 Bxg3 16. fxg3 Ne3 17. Qh5 Nxf1 18. Nxf1 Qf6 19. Bf4 Qxd4 20. Qxd5 Qxd5 21.
Nxd5 c5 22. Nxb6 Ra5 23. a4 Ba6 24. Bd2 Rxb5 25. axb5 Bxb5 26. Kg1 h6 27. Ra8 f5
28. Rxf8+ Kxf8 29. Ne3 g6 30. Nc8 h5 31. Kf2 Bd7 32. Nb6 Be6 33. b4 cxb4 34.
Bxb4+ Kf7 35. Ng2 g5 36. Bd2 Kg6 37. Na8 Bd5 38. Nc7 Bb3 39. Ne8 Bd1 40. Nd6 Bf3
41. Nh4+ gxh4 42. gxh4 Kf6 43. Kg3 Ke5 44. Bf4+ Kf6 45. Nc4 Ke6 46. Ne3 Kf6 47.
Bb8 Ke6 48. Kf4 Bg4 49. Kg5 f4 50. Bxf4 Bf3 51. Nf5 Kd5 52. Be3 Kc4 53. Kf4 Kd3
54. Ng3 Bg4 55. Nxe4 Kc4 56. Nf6 Be2 57. Kg5 Bd1 58. Nxh5 Kd5 59. Nf6+ Ke6 60.
Ng4 Kf7 61. Bd4 Kg8 62. h5 Bc2 63. h6 Bb1 64. Bg7 Bc2 65. Ne3 Bh7 66. Ng4 Bb1
67. Nf6+ Kf7 68. Nd5 Kg8 69. Kf6 Bc2 70. Ne7+ Kh7 71. Kf7 Bb1 72. Kf8 Bc2 73.
Ng8 Kg6 74. Nf6 Kg5 75. Ke7 Bb1 76. Kf8 Bc2 0-1

[Event "AUTO-MASTER-2649"]
[Site "http://www.queenalice.com/game.php?id=1498260"]
[Date "2017.10.10"]
[Round "1"]
[White "rafaelp"]
[Black "Ninho"]
[Result "1-0"]
[WhiteElo "2199"]
[BlackElo "2032"]

1. e4 e5 2. Nf3 Nc6 3. Nc3 d6 4. Bb5 Bd7 5. Bxc6 Bxc6 6. O-O Nf6 7. d3 h6 8. a4
Be7 9. Re1 O-O 10. Be3 b6 11. a5 b5 12. Qc1 a6 13. Ne2 Bd7 14. c3 c5 15. Ng3 Ng4
16. b4 cxb4 17. cxb4 Rc8 18. Qd2 Nxe3 19. Qxe3 f5 20. exf5 Bxf5 21. Rac1 1-0

[Event "Ajedrez # 5"]
[Site "http://www.queenalice.com/game.php?id=1498987"]
[Date "2017.10.15"]
[Round "4"]
[White "Ninho"]
[Black "fltrazzi"]
[Result "1-0"]
[WhiteElo "2078"]
[BlackElo "1676"]

1. d4 e6 2. Nf3 Bb4+ 3. Bd2 Bxd2+ 4. Qxd2 Nf6 5. Nc3 O-O 6. e4 c6 7. Be2 d6 8.
O-O-O d5 9. e5 Ng4 10. h3 Nxf2 11. Bd3 Nxh1 12. Rxh1 b5 13. h4 a5 14. Ng5 g6 15.
h5 b4 16. hxg6 fxg6 17. Na4 Bd7 18. b3 c5 19. Nxc5 Re8 20. Rxh7 Nc6 21. Rxd7 Qc8
22. Bxg6 Rf8 23. Ngxe6 Rf1+ 24. Kb2 a4 25. bxa4 Na5 26. Bd3 Rg1 27. Qg5+ Kh8 28.
Qg7# 1-0

[Event "Ajedrez # 5"]
[Site "http://www.queenalice.com/game.php?id=1506991"]
[Date "2017.12.6"]
[Round "5"]
[White "peterwagner"]
[Black "Ninho"]
[Result "1-0"]
[WhiteElo "1875"]
[BlackElo "2038"]

1. e4 c5 2. Nf3 Nc6 3. g3 d6 4. Bg2 e5 5. c4 Nf6 6. d3 Be7 7. Nc3 O-O 8. Bg5 Be6
9. Nd5 Bxd5 10. cxd5 Nb8 11. h4 b5 12. Qd2 Nbd7 13. Bh3 a5 14. Bh6 gxh6 15. Qxh6
Kh8 16. Ng5 Qe8 17. Bf5 1-0

[Event "Challenge"]
[Site "http://www.queenalice.com/game.php?id=1522843"]
[Date "2018.4.9"]
[Round "-"]
[White "Lapoule"]
[Black "Ninho"]
[Result "1-0"]
[WhiteElo "1998"]
[BlackElo "2005"]

1. e4 c5 2. Nc3 Nc6 3. Nf3 d6 4. d4 cxd4 5. Nxd4 Nf6 6. Bb5 Bd7 7. Ba4 e6 8. O-O
a6 9. Nxc6 Bxc6 10. Re1 Be7 11. Qf3 b5 12. Bb3 O-O 13. Qg3 b4 14. Na4 Qa5 15.
Bh6 Nh5 16. Qg4 Bxa4 17. Bxa4 Qxa4 18. b3 Qa5 19. Re3 Kh8 20. Rh3 gxh6 21. Rxh5
f5 22. Qe2 Qe5 23. Re1 Rae8 24. Rxh6 Bg5 25. Rh3 f4 26. Qxa6 Ra8 27. Qb7 Rxa2
28. Qxh7# 1-0

[Event "Challenge"]
[Site "http://www.queenalice.com/game.php?id=1522844"]
[Date "2018.4.9"]
[Round "-"]
[White "Ninho"]
[Black "Lapoule"]
[Result "0-1"]
[WhiteElo "2023"]
[BlackElo "1980"]

1. e4 Nc6 2. Nf3 e6 3. Bb5 Nge7 4. O-O d5 5. e5 a6 6. Ba4 Bd7 7. Bb3 Nf5 8. c3
Nh4 9. d4 h6 10. Nbd2 Na5 11. Bc2 Bb5 12. Re1 Qe7 13. b3 f5 14. a4 Bd7 15. Ba3
Qd8 16. Bxf8 Rxf8 17. Nxh4 Qxh4 18. Re3 O-O-O 19. Bd3 Qe7 20. b4 Nc4 21. Bxc4
dxc4 22. Nxc4 f4 23. Re1 Qg5 24. b5 f3 25. g3 Qg4 26. Kh1 Rf5 27. Ne3 Qh3 28.
Rg1 Qxh2+ 0-1

[Event "Challenge"]
[Site "http://www.queenalice.com/game.php?id=1523579"]
[Date "2018.4.14"]
[Round "-"]
[White "juanzv"]
[Black "Ninho"]
[Result "1-0"]
[WhiteElo "2064"]
[BlackElo "2038"]

1. b3 c5 2. c4 Nc6 3. Bb2 e6 4. Nf3 Nf6 5. e3 d5 6. cxd5 exd5 7. Bb5 Bd7 8. O-O
Bd6 9. d4 a6 10. Bd3 cxd4 11. Nxd4 Bg4 12. Be2 Bxe2 13. Qxe2 O-O 14. Nd2 Qd7 15.
Rac1 Rac8 16. N2f3 Rfe8 17. Rfd1 Ng4 18. Nc2 h6 19. Qd2 d4 20. exd4 Rcd8 21. Ne3
Bf4 22. Re1 Re4 23. Qc3 Rde8 24. Rcd1 Qc8 25. Nxg4 Qxg4 26. h3 Rxe1+ 27. Rxe1
Rxe1+ 28. Qxe1 Qd7 29. Bc3 Qe6 30. Kf1 Qxe1+ 31. Kxe1 Bd6 32. Ke2 f6 33. Ke3 Nb4
34. a3 Nc2+ 35. Kd3 Nxa3 36. Nd2 Kf7 37. Nc4 Bc7 38. Nxa3 1-0

[Event "AUTO-ADV-3850"]
[Site "http://www.queenalice.com/game.php?id=1527508"]
[Date "2018.5.17"]
[Round "2"]
[White "Jackzapo"]
[Black "Ninho"]
[Result "0-1"]
[WhiteElo "1923"]
[BlackElo "2024"]

1. d4 d5 2. c4 c6 3. cxd5 Qxd5 4. Nc3 Qa5 5. Nf3 e6 6. e3 Nf6 7. Qc2 Bb4 8. a3
Be7 9. b4 Qc7 10. Bd3 Nbd7 11. O-O h6 12. Bb2 Ng4 13. h3 Ngf6 14. Rac1 a6 15.
Rfe1 O-O 16. e4 Qb8 17. e5 Ne8 18. Nd2 Nc7 19. f4 Nb6 20. g4 Ncd5 21. Nxd5 Nxd5
22. Rf1 Ne3 23. Qb1 Nxf1 24. Rxf1 b5 25. Ne4 a5 26. Nc5 axb4 27. axb4 Bxc5 28.
dxc5 Ra4 29. Bc3 Bd7 30. Be4 Qa7 31. h4 Ra8 32. f5 Ra3 33. Qc1 Qa4 34. g5 Qb3
35. Rf3 exf5 36. Bc2 Ra1 37. Bxb3 Rxc1+ 38. Kf2 hxg5 39. hxg5 g6 40. e6 Bxe6 41.
Bf6 Bxb3 42. Rxb3 Ra2+ 43. Kf3 Rf1+ 44. Ke3 Rh1 45. Kf4 Rf2+ 46. Kg3 Rfh2 47.
Rf3 Rh3+ 48. Kf4 Rxf3+ 49. Kxf3 Rb1 0-1

[Event "AUTO-ADV-3850"]
[Site "http://www.queenalice.com/game.php?id=1527509"]
[Date "2018.5.17"]
[Round "2"]
[White "Ninho"]
[Black "Jackzapo"]
[Result "1-0"]
[WhiteElo "2010"]
[BlackElo "1892"]

1. e4 c5 2. Nf3 d6 3. d4 cxd4 4. Qxd4 Nc6 5. Qd1 a6 6. Be2 Qc7 7. O-O Nf6 8. Nc3
b5 9. Bg5 h6 10. Bf4 e6 11. e5 dxe5 12. Bg3 Bd6 13. Bxb5 axb5 14. Nxb5 Qd7 15.
Nxd6+ Ke7 16. Nxe5 Nxe5 17. Bxe5 Ra6 18. Bxf6+ gxf6 19. Ne4 Bb7 20. Qxd7+ Kxd7
21. Nc5+ 1-0

[Event "AUTO-ADV-3850"]
[Site "http://www.queenalice.com/game.php?id=1527512"]
[Date "2018.5.17"]
[Round "2"]
[White "renatomfelipe"]
[Black "Ninho"]
[Result "0-1"]
[WhiteElo "1668"]
[BlackElo "2036"]

1. e4 e5 2. d3 d6 3. Be2 Nc6 4. c3 Nf6 5. h3 Be6 6. Nf3 h6 7. a3 a5 8. c4 Be7 9.
Be3 b6 10. b3 O-O 11. Nc3 Na7 12. Nd5 Nxd5 13. cxd5 Bd7 14. O-O f5 15. Nh2 f4
16. Bd2 Nb5 17. Nf3 c5 18. dxc6 Bxc6 19. a4 Nc7 20. Bc3 Ne6 21. Nh2 Ng5 22. f3
h5 23. h4 Ne6 24. Be1 Bxh4 25. Bxh4 Qxh4 26. Qe1 Qf6 27. Rc1 Bd7 28. Qf2 Rab8
29. Rfd1 Nd4 0-1

[Event "AUTO-ADV-3850"]
[Site "http://www.queenalice.com/game.php?id=1527513"]
[Date "2018.5.17"]
[Round "2"]
[White "Ninho"]
[Black "renatomfelipe"]
[Result "1-0"]
[WhiteElo "2021"]
[BlackElo "1678"]

1. e4 e6 2. d4 c5 3. Nf3 cxd4 4. Nxd4 Nc6 5. Nc3 Nxd4 6. Qxd4 Nf6 7. Bg5 Be7 8.
e5 Nd5 9. Bxe7 Qxe7 10. Nxd5 exd5 11. Qxd5 Qb4+ 12. Qd2 Qxb2 13. Rd1 Qxe5+ 14.
Be2 O-O 15. O-O Rd8 16. Rfe1 Qf6 17. Qd6 Qxd6 18. Rxd6 a5 19. Bb5 Kf8 20. a4 h6
21. Kf1 Re8 22. Red1 Rd8 23. c4 1-0

[Event "AUTO-ADV-3850"]
[Site "http://www.queenalice.com/game.php?id=1527514"]
[Date "2018.5.17"]
[Round "2"]
[White "Eggchaser"]
[Black "Ninho"]
[Result "0-1"]
[WhiteElo "1727"]
[BlackElo "2005"]

1. d4 d5 2. Nf3 Nf6 3. c4 c6 4. Nc3 e6 5. Bg5 Be7 6. e3 Nbd7 7. Bd3 dxc4 8. Bxc4
Nd5 9. Bxe7 Qxe7 10. O-O N5f6 11. Qc2 O-O 12. Rfe1 b5 13. Bd3 h6 14. a3 a5 15.
e4 Bb7 16. h3 Kh8 0-1

[Event "AUTO-ADV-3850"]
[Site "http://www.queenalice.com/game.php?id=1527515"]
[Date "2018.5.17"]
[Round "2"]
[White "Ninho"]
[Black "Eggchaser"]
[Result "1-0"]
[WhiteElo "1999"]
[BlackElo "1742"]

1. e4 c5 2. Nf3 d6 3. d4 cxd4 4. Nxd4 Nf6 5. Nc3 g6 6. h3 Bg7 7. Be3 Nc6 8. Be2
Bd7 9. Qd2 O-O 10. O-O a6 11. a4 Qa5 12. Nb3 Qd8 13. f4 1-0

[Event "Challenge"]
[Site "http://www.queenalice.com/game.php?id=1539986"]
[Date "2018.8.24"]
[Round "-"]
[White "onfs2"]
[Black "Ninho"]
[Result "0-1"]
[WhiteElo "2044"]
[BlackElo "2006"]

1. e4 c5 2. Bc4 e6 3. Nf3 Nc6 4. d4 cxd4 5. Nxd4 Qa5+ 6. Bd2 Qc5 7. Nxc6 Qxc4 8.
Nc3 Qxc6 9. O-O Nf6 10. e5 Ne4 11. Qe2 Nxd2 12. Qxd2 Bb4 13. a3 Bxc3 14. Qxc3
Qxc3 15. bxc3 b6 16. Rfd1 Bb7 17. Rd2 Bc6 18. a4 O-O 19. f4 g6 20. c4 a6 21. Kf2
Kg7 22. h4 b5 23. cxb5 axb5 24. a5 Ra6 25. Kg3 Rfa8 26. Rd4 Rxa5 27. Rg1 Ra1 28.
Rxa1 Rxa1 29. Kf2 Rb1 30. Rd3 Rb4 31. g3 Rc4 32. c3 b4 33. cxb4 Rxb4 34. Kg1 h6
35. Kh2 f6 36. exf6+ Kxf6 37. Kh3 Rb2 38. g4 Rb1 39. g5+ hxg5 40. hxg5+ Kf5 41.
Rd4 Re1 42. Kg3 Re4 43. Rxe4 Kxe4 0-1

[Event "Challenge"]
[Site "http://www.queenalice.com/game.php?id=1539987"]
[Date "2018.8.24"]
[Round "-"]
[White "Ninho"]
[Black "onfs2"]
[Result "0-1"]
[WhiteElo "2023"]
[BlackElo "1994"]

1. e4 e5 2. f4 exf4 3. Nf3 Bc5 4. d4 Bb6 5. Bxf4 d6 6. Be2 Bg4 7. Nbd2 Bxf3 8.
Nxf3 Ne7 9. O-O Ng6 10. Bg5 f6 11. Be3 Nd7 12. b4 Qe7 13. Nd2 d5 14. c3 Nde5 15.
exd5 O-O-O 16. Nc4 Nxc4 0-1